000 00268nam a22001217a 4500
020 _a0-7214-1682-9
082 _a823
_bBRA/T
100 _aBRADMAN, TONY
245 _aTWO MINUTE PUPPY TALES
260 _aUK
_bLADY BIRD
650 _aENGLISH SHORT STORY
_zUK
942 _cBK
999 _c2406
_d2406